The Supermarket That's Eating Britain (Record no. 333323)
[ view plain ]
| 000 -LEADER | |
|---|---|
| fixed length control field | 00576nam a2200097Ia 4500 |
| 008 - FIXED-LENGTH DATA ELEMENTS--GENERAL INFORMATION | |
| fixed length control field | 170517s9999 xx 000 0 und d |
| 245 #4 - TITLE STATEMENT | |
| Title | The Supermarket That's Eating Britain |
| 300 ## - PHYSICAL DESCRIPTION | |
| Extent | Tesco is Britain's favorite supermarket. With 2,000 stores and 15 million customers a week, it's almost twice as big as its nearest rival. Dispatches shows how Tesco could soon become even bigger, and asks if this retail giant is abusing its power. In The Supermarket... |
| 650 ## - SUBJECT ADDED ENTRY--TOPICAL TERM | |
| General subdivision | Business and Economics. |
| 856 ## - ELECTRONIC LOCATION AND ACCESS | |
| Uniform Resource Identifier | <a href="http://topdocumentaryfilms.com/the-supermarket-thats-eating-britain/">http://topdocumentaryfilms.com/the-supermarket-thats-eating-britain/</a> |
| Withdrawn status | Lost status | Damaged status | Home library | Current library | Date acquired | Total Checkouts | Date last seen | Price effective from | Koha item type |
|---|---|---|---|---|---|---|---|---|---|
| College Library | College Library | 05/17/2017 | 05/17/2017 | 05/17/2017 | Documentary Films |